Open Data Biblioteca Nacional de Portugal


República Portuguesa: Ministério da Cultura
Biblioteca Nacional de Portugal

Catálogo da BNP: acesso por Identificadores Unívocos
Registos Bibliográficos associados ao registo de autoridade

Etiqueta de registo: 00000nam 2200025 450
001 2279777
003 http://id.bnportugal.gov.pt/bib/catbnp/2279777
100 ## $a20260312d2024 k y0pory01030103ba
101 0# $aeng$dpor
102 ## $aPT
105 ## $aa m 000yy
106 ## $ar
200 1# $aMultiple access networks assisted by aerial intelligent reflecting surfaces$fBrena Kelly Sousa Lima$gorient. Rui Miguel Henriques Dias Morgado Dinis
210 #9 $aLisboa$c[s.n.],$d2024
215 ## $aXXIV, 116 p.$cil.$d30 cm
328 #1 $aTese dout. Informática, Centro Universitário de Lisboa, Universidade Lusófona, 2024
675 ## $a004.85(043)$vBN$zpor$31239009
700 #1 $aLima,$bBrena Kelly Sousa$31991078
702 #1 $93$aDinis,$bRui$4727$3194821
801 #0 $aPT$bBN$gRPC
966 ## $lBN$mFGMON$sP. 72329 V.$x1
971 ## $corlando$d20260312
973 ## $cigoulao$d20260320
975 ## $e0$d20260402$viquintas

OpendataBNP@bnportugal.pt | Mais informação sobre acesso aos dados BNP